|
|
|
|
| LEADER |
00000nkmaa2200000 a 4500 |
| 001 |
vtls008886668 |
| 003 |
SK-MaSNL |
| 005 |
20260301041756.0 |
| 007 |
kh bo |
| 008 |
230802n xo ||00 k|slo |
| 035 |
|
|
|a urn:nbn:sk:snk-km00cpjt
|
| 035 |
|
|
|a urn:nbn:sk:snk-km3lqx0
|
| 035 |
|
|
|a 2543F956-D8E8-4F1C-94AA-FE7EA285C3F0
|
| 040 |
|
|
|a SNKLA
|b slo
|c SNKLA
|e AACR2
|
| 041 |
0 |
|
|a slo
|
| 044 |
|
|
|a xo
|c SK
|
| 245 |
0 |
0 |
|a [Štúr, Ľudovít - tvorba: Kde leží naša bieda?]
|h grafika
|
| 260 |
|
|
|a [S.l.
|b s.n.
|c s.a.]
|
| 300 |
|
|
|a 1 fotografia
|b čb
|c 18 x 12 cm
|
| 520 |
2 |
|
|a Reprodukcia titulnej strany diela Ľudovíta Štúra: "Kde leží naša bieda?"
|
| 600 |
1 |
7 |
|a Štúr, Ľudovít,
|d 1815-1856
|2 SNKMA
|9 92872
|
| 655 |
|
7 |
|a fotografie
|2 SNKPH
|9 70713
|
| 852 |
7 |
|
|a Slovenská národná knižnica
|b Literárny archív
|
| 958 |
|
|
|a ZO
|
| 958 |
|
|
|a BLA
|
| 999 |
|
|
|c 589302
|d 591232
|
| 952 |
|
|
|a SNKLA
|b SNKLA
|c SNKLA_DEP
|y NEVYP
|7 0
|p 17A1007644
|o snkK 19/35
|i snkLA 571/2006
|0 0
|1 0
|4 0
|d 2016-03-08
|f 1
|l 0
|r 2026-02-23 15:19:50
|w 2026-02-23
|